[Event "World Chess Olympiad 2018"]
[Site "Batumi"]
[Date "2018.09.27"]
[Round "4"]
[Board "3"]
[WhiteFideId "908630"]
[White "Makolli Perparim"]
[BlackFideId "509825"]
[Black "Keinanen Toivo"]
[Result "1/2-1/2"]
[LiveChessVersion "1.4.8"]
[BlackElo "2402"]
[WhiteElo "2284"]

1. e4 {[%clk 1:30:25]} c5 {[%clk 1:30:55]} 2. Nc3 {[%clk 1:30:29]} g6
{[%clk 1:30:18]} 3. f4 {[%clk 1:30:23]} Bg7 {[%clk 1:29:47]} 4. Nf3
{[%clk 1:30:12]} Nc6 {[%clk 1:29:22]} 5. g3 {[%clk 1:28:06]} d6 {[%clk 1:24:21]}
6. h3 {[%clk 1:27:30]} e5 {[%clk 1:22:12]} 7. d3 {[%clk 1:26:38]} Nf6
{[%clk 1:15:24]} 8. Bg2 {[%clk 1:20:56]} Nh5 {[%clk 1:12:22]} 9. Ne2
{[%clk 1:20:07]} exf4 {[%clk 1:08:21]} 10. gxf4 {[%clk 1:18:18]} f5
{[%clk 1:05:07]} 11. O-O {[%clk 1:00:15]} O-O {[%clk 1:04:02]} 12. exf5
{[%clk 0:57:33]} Bxf5 {[%clk 1:03:31]} 13. Kh2 {[%clk 0:50:57]} Bh6
{[%clk 0:56:49]} 14. Ng5 {[%clk 0:45:22]} Nxf4 {[%clk 0:52:23]} 15. Nf7
{[%clk 0:38:23]} Rxf7 {[%clk 0:50:58]} 16. Nxf4 {[%clk 0:36:40]} Qh4
{[%clk 0:47:16]} 17. Qe1 {[%clk 0:32:45]} Qxe1 {[%clk 0:45:59]} 18. Rxe1
{[%clk 0:33:10]} Nb4 {[%clk 0:41:42]} 19. Nd5 {[%clk 0:26:37]} Bxc1
{[%clk 0:38:06]} 20. Raxc1 {[%clk 0:25:03]} Kf8 {[%clk 0:36:09]} 21. Nxb4
{[%clk 0:20:22]} cxb4 {[%clk 0:36:37]} 22. Be4 {[%clk 0:17:41]} Rc8
{[%clk 0:33:33]} 23. Kg3 {[%clk 0:17:05]} Rc5 {[%clk 0:24:21]} 24. Bxf5
{[%clk 0:14:08]} Rcxf5 {[%clk 0:24:39]} 25. Re2 {[%clk 0:14:11]} Rg5+
{[%clk 0:22:19]} 26. Kh2 {[%clk 0:14:06]} Rc5 {[%clk 0:20:47]} 27. Rg1
{[%clk 0:13:28]} Rfc7 {[%clk 0:19:11]} 28. Rf1+ {[%clk 0:13:20]} Kg7
{[%clk 0:19:33]} 29. Rff2 {[%clk 0:13:41]} Kh6 {[%clk 0:18:03]} 30. Kg3
{[%clk 0:13:49]} Rg5+ {[%clk 0:15:56]} 31. Kh2 {[%clk 0:14:09]} Rgc5
{[%clk 0:11:24]} 32. Kg3 {[%clk 0:14:31]} b6 {[%clk 0:10:15]} 33. Kh2
{[%clk 0:13:13]} Ra5 {[%clk 0:07:03]} 34. Re4 {[%clk 0:13:02]} Rxa2
{[%clk 0:05:52]} 35. Rxb4 {[%clk 0:13:10]} Rc5 {[%clk 0:05:59]} 36. Kg3
{[%clk 0:13:10]} Rg5+ {[%clk 0:06:11]} 37. Kh2 {[%clk 0:13:21]} Rc5
{[%clk 0:05:54]} 38. Kg3 {[%clk 0:13:46]} Kg7 {[%clk 0:04:08]} 39. h4
{[%clk 0:10:31]} Kh6 {[%clk 0:03:56]} 40. Re2 {[%clk 0:40:15]} b5
{[%clk 0:32:47]} 41. c4 {[%clk 0:36:06]} a6 {[%clk 0:24:32]} 42. Re6
{[%clk 0:25:56]} a5 {[%clk 0:20:19]} 43. Rxb5 {[%clk 0:15:22]} Rxb5
{[%clk 0:20:35]} 44. cxb5 {[%clk 0:15:46]} Rxb2 {[%clk 0:20:49]} 45. Rxd6
{[%clk 0:15:52]} Rxb5 {[%clk 0:21:12]} 46. Rd4 {[%clk 0:12:47]} Rb3
{[%clk 0:17:38]} 47. Kh3 {[%clk 0:11:36]} Rb4 {[%clk 0:14:47]} 48. Rd7
{[%clk 0:11:46]} a4 {[%clk 0:13:37]} 49. d4 {[%clk 0:12:09]} Rb3+
{[%clk 0:10:19]} 50. Kg4 {[%clk 0:12:27]} Rb4 {[%clk 0:08:21]} 51. Kg3
{[%clk 0:12:49]} Rb3+ {[%clk 0:04:57]} 52. Kg4 {[%clk 0:13:12]} Rd3
{[%clk 0:03:44]} 53. d5 {[%clk 0:13:32]} a3 {[%clk 0:01:35]} 54. Ra7
{[%clk 0:13:55]} a2 {[%clk 0:01:17]} 55. Rxa2 {[%clk 0:14:10]} Rd4+
{[%clk 0:01:40]} 56. Kg3 {[%clk 0:14:31]} Kh5 {[%clk 0:01:42]} 57. Kf3
{[%clk 0:10:49]} Rxh4 {[%clk 0:01:27]} 58. Rd2 {[%clk 0:11:10]} g5
{[%clk 0:00:51]} 59. d6 {[%clk 0:11:16]} Rf4+ {[%clk 0:01:13]} 60. Kg3
{[%clk 0:11:30]} Rf8 {[%clk 0:01:30]} 61. d7 {[%clk 0:11:55]} Rd8
{[%clk 0:01:56]} 62. Rd6 {[%clk 0:12:17]} h6 {[%clk 0:01:01]} 63. Kf3
{[%clk 0:12:34]} g4+ {[%clk 0:00:39]} 64. Kf4 {[%clk 0:11:40]} Rf8+
{[%clk 0:00:49]} 65. Kg3 {[%clk 0:11:45]} Rd8 {[%clk 0:01:11]} 66. Kf4
{[%clk 0:10:42]} Rf8+ {[%clk 0:01:18]} 67. Kg3 {[%clk 0:11:04]} 1/2-1/2

[Event "World Chess Olympiad 2018"]
[Site "Batumi"]
[Date "2018.09.27"]
[Round "4"]
[Board "4"]
[WhiteFideId "505455"]
[White "Sipila Vilka"]
[BlackFideId "22100199"]
[Black "Uruci Endrit"]
[Result "1/2-1/2"]
[LiveChessVersion "1.4.8"]
[BlackElo "2157"]
[WhiteElo "2381"]

1. d4 {[%clk 1:30:59]} Nf6 {[%clk 1:30:47]} 2. c4 {[%clk 1:31:23]} e6
{[%clk 1:31:05]} 3. Nf3 {[%clk 1:31:46]} d5 {[%clk 1:31:17]} 4. g3
{[%clk 1:32:13]} Be7 {[%clk 1:30:29]} 5. Bg2 {[%clk 1:32:37]} Nbd7
{[%clk 1:30:17]} 6. O-O {[%clk 1:32:48]} O-O {[%clk 1:30:07]} 7. Qc2
{[%clk 1:32:32]} c6 {[%clk 1:29:26]} 8. Nbd2 {[%clk 1:32:38]} b6 {[%clk 1:29:29]}
9. e4 {[%clk 1:32:29]} dxe4 {[%clk 1:29:45]} 10. Nxe4 {[%clk 1:32:15]} Bb7
{[%clk 1:29:16]} 11. Ne5 {[%clk 1:28:54]} Nxe5 {[%clk 1:26:45]} 12. dxe5
{[%clk 1:29:13]} Nxe4 {[%clk 1:27:12]} 13. Bxe4 {[%clk 1:19:48]} g6
{[%clk 1:22:44]} 14. Bh6 {[%clk 0:55:50]} Re8 {[%clk 1:23:08]} 15. h4
{[%clk 0:56:01]} Qc7 {[%clk 1:19:00]} 16. h5 {[%clk 0:35:54]} Qxe5
{[%clk 1:17:52]} 17. hxg6 {[%clk 0:36:17]} hxg6 {[%clk 1:16:53]} 18. Bxg6
{[%clk 0:26:06]} Qh8 {[%clk 1:00:06]} 19. Bf4 {[%clk 0:12:56]} fxg6
{[%clk 0:59:34]} 20. Qxg6+ {[%clk 0:13:17]} Qg7 {[%clk 1:00:00]} 21. Qxe6+
{[%clk 0:13:25]} Qf7 {[%clk 0:55:02]} 22. Qg4+ {[%clk 0:13:34]} Qg7
{[%clk 0:55:16]} 23. Qe6+ {[%clk 0:13:52]} Qf7 {[%clk 0:55:00]} 24. Qg4+
{[%clk 0:14:16]} Kh7 {[%clk 0:55:25]} 25. Qh3+ {[%clk 0:01:37]} Kg8
{[%clk 0:40:14]} 1/2-1/2

[Event "World Chess Olympiad 2018"]
[Site "Batumi"]
[Date "2018.09.27"]
[Round "4"]
[Board "1"]
[WhiteFideId "3600017"]
[White "Matamoros Franco Carlos S."]
[BlackFideId "6400361"]
[Black "Munoz Santana Jose Lisandro"]
[Result "1-0"]
[LiveChessVersion "1.4.8"]
[BlackElo "2434"]
[WhiteElo "2494"]

1. Nf3 {[%clk 1:30:52]} c5 {[%clk 1:30:52]} 2. c4 {[%clk 1:30:48]} b6
{[%clk 1:29:49]} 3. e3 {[%clk 1:30:37]} Nf6 {[%clk 1:26:08]} 4. Nc3
{[%clk 1:30:26]} g6 {[%clk 1:22:49]} 5. d4 {[%clk 1:29:55]} Bg7 {[%clk 1:22:55]}
6. d5 {[%clk 1:23:18]} d6 {[%clk 1:22:05]} 7. Bd3 {[%clk 1:19:32]} O-O
{[%clk 1:22:28]} 8. O-O {[%clk 1:19:56]} e6 {[%clk 1:13:21]} 9. h3
{[%clk 1:16:11]} exd5 {[%clk 1:10:32]} 10. cxd5 {[%clk 1:16:35]} Re8
{[%clk 1:03:22]} 11. Re1 {[%clk 1:09:36]} a6 {[%clk 0:47:13]} 12. a4
{[%clk 1:09:21]} Ra7 {[%clk 0:47:37]} 13. e4 {[%clk 0:58:20]} Rae7
{[%clk 0:43:37]} 14. Bf4 {[%clk 0:58:14]} Qc7 {[%clk 0:42:18]} 15. Bh2
{[%clk 0:34:53]} c4 {[%clk 0:34:49]} 16. Bc2 {[%clk 0:35:15]} Nbd7
{[%clk 0:32:29]} 17. e5 {[%clk 0:32:14]} Nh5 {[%clk 0:28:55]} 18. e6
{[%clk 0:29:47]} Nc5 {[%clk 0:25:22]} 19. Ng5 {[%clk 0:27:32]} fxe6
{[%clk 0:19:22]} 20. dxe6 {[%clk 0:27:12]} Bxc3 {[%clk 0:06:19]} 21. bxc3
{[%clk 0:27:13]} Nb7 {[%clk 0:05:50]} 22. Be4 {[%clk 0:18:28]} Qc5
{[%clk 0:03:17]} 23. Bd5 {[%clk 0:14:34]} Nf6 {[%clk 0:02:28]} 24. Ne4
{[%clk 0:14:50]} Nxe4 {[%clk 0:02:56]} 25. Rxe4 {[%clk 0:15:15]} Qc7
{[%clk 0:01:46]} 26. Rxc4 {[%clk 0:05:05]} Nc5 {[%clk 0:02:13]} 27. Bf3
{[%clk 0:04:54]} Bxe6 {[%clk 0:00:57]} 28. Bxd6 {[%clk 0:04:42]} Qc8
{[%clk 0:00:45]} 29. Rxc5 {[%clk 0:02:30]} bxc5 {[%clk 0:01:12]} 30. Bxe7
{[%clk 0:02:56]} Rxe7 {[%clk 0:01:35]} 31. Qd6 {[%clk 0:02:38]} Re8
{[%clk 0:01:34]} 32. Rd1 {[%clk 0:02:48]} Bb3 {[%clk 0:01:28]} 33. Bd5+
{[%clk 0:02:46]} Bxd5 {[%clk 0:01:51]} 34. Rxd5 {[%clk 0:03:08]} c4
{[%clk 0:00:54]} 35. Rc5 {[%clk 0:03:23]} Qb7 {[%clk 0:01:00]} 36. Rxc4
{[%clk 0:02:41]} a5 {[%clk 0:00:37]} 37. Rd4 {[%clk 0:02:09]} Qb1+
{[%clk 0:00:50]} 38. Kh2 {[%clk 0:02:33]} Qe1 {[%clk 0:01:15]} 39. Qd5+
{[%clk 0:02:06]} Kh8 {[%clk 0:01:29]} 40. Qf3 {[%clk 0:31:52]} Qe5+
{[%clk 0:31:30]} 41. Qg3 {[%clk 0:30:55]} Qc5 {[%clk 0:27:55]} 42. Rd7
{[%clk 0:25:26]} Qc6 {[%clk 0:26:30]} 43. Qc7 {[%clk 0:22:08]} Qxc7+
{[%clk 0:26:00]} 44. Rxc7 {[%clk 0:22:36]} Re4 {[%clk 0:26:02]} 45. c4
{[%clk 0:22:07]} Re2 {[%clk 0:26:23]} 46. f3 {[%clk 0:19:14]} Ra2
{[%clk 0:26:44]} 47. Ra7 {[%clk 0:19:35]} Rxa4 {[%clk 0:27:06]} 48. c5
{[%clk 0:20:01]} Rc4 {[%clk 0:26:08]} 49. Rxa5 {[%clk 0:20:26]} h5
{[%clk 0:25:51]} 50. g4 {[%clk 0:16:17]} h4 {[%clk 0:24:16]} 51. Ra8+
{[%clk 0:14:17]} Kg7 {[%clk 0:24:37]} 52. Rc8 {[%clk 0:14:44]} Kf6
{[%clk 0:15:45]} 53. c6 {[%clk 0:15:07]} Ke7 {[%clk 0:15:48]} 54. Kg2
{[%clk 0:14:57]} Rc2+ {[%clk 0:15:56]} 55. Kf1 {[%clk 0:15:12]} g5
{[%clk 0:10:30]} 56. c7 {[%clk 0:14:25]} Kd7 {[%clk 0:10:54]} 57. Rg8
{[%clk 0:14:51]} Kxc7 {[%clk 0:10:12]} 58. Rxg5 {[%clk 0:15:16]} Rh2
{[%clk 0:10:24]} 59. Rd5 {[%clk 0:07:27]} Rxh3 {[%clk 0:10:33]} 60. Kg2
{[%clk 0:07:48]} Rg3+ {[%clk 0:10:57]} 61. Kf2 {[%clk 0:08:13]} Kc6
{[%clk 0:10:41]} 62. Rd1 {[%clk 0:08:27]} Rh3 {[%clk 0:10:49]} 63. Ke3
{[%clk 0:08:35]} Rh2 {[%clk 0:11:05]} 64. Kf4 {[%clk 0:08:53]} Ra2
{[%clk 0:08:53]} 65. Rh1 {[%clk 0:09:01]} Ra4+ {[%clk 0:09:16]} 66. Kg5
{[%clk 0:09:24]} Ra3 {[%clk 0:09:42]} 67. Kxh4 {[%clk 0:09:01]} Rxf3
{[%clk 0:10:03]} 68. Rd1 {[%clk 0:09:28]} Rf6 {[%clk 0:07:33]} 69. Kh5
{[%clk 0:09:37]} 1-0

[Event "World Chess Olympiad 2018"]
[Site "Batumi"]
[Date "2018.09.27"]
[Round "4"]
[Board "2"]
[WhiteFideId "6405525"]
[White "Abreu Jean Carlos Paul"]
[BlackFideId "3609677"]
[Black "Barros Rivadeneira Cristhian"]
[Result "0-1"]
[LiveChessVersion "1.4.8"]
[BlackElo "2345"]
[WhiteElo "2310"]

1. e4 {[%clk 1:30:57]} c5 {[%clk 1:29:01]} 2. Nf3 {[%clk 1:31:20]} Nc6
{[%clk 1:28:31]} 3. Bb5 {[%clk 1:30:25]} g6 {[%clk 1:28:51]} 4. c3
{[%clk 1:30:21]} Bg7 {[%clk 1:26:46]} 5. d4 {[%clk 1:30:02]} Qb6 {[%clk 1:17:02]}
6. Ba4 {[%clk 1:24:19]} cxd4 {[%clk 1:13:39]} 7. O-O {[%clk 1:23:00]} Nf6
{[%clk 0:53:45]} 8. e5 {[%clk 1:21:29]} Ne4 {[%clk 0:53:54]} 9. cxd4
{[%clk 1:18:16]} O-O {[%clk 0:38:26]} 10. Bb3 {[%clk 1:16:28]} e6
{[%clk 0:35:53]} 11. Nc3 {[%clk 1:11:34]} d5 {[%clk 0:26:11]} 12. exd6
{[%clk 1:06:29]} Nxd6 {[%clk 0:24:13]} 13. d5 {[%clk 1:04:21]} Nd4
{[%clk 0:20:11]} 14. Nxd4 {[%clk 0:44:00]} Qxd4 {[%clk 0:20:26]} 15. Bg5
{[%clk 0:37:05]} Nf5 {[%clk 0:14:10]} 16. Qe2 {[%clk 0:30:17]} exd5
{[%clk 0:09:16]} 17. Bxd5 {[%clk 0:24:28]} Bd7 {[%clk 0:07:00]} 18. Rad1
{[%clk 0:19:58]} Qb6 {[%clk 0:07:16]} 19. Qd2 {[%clk 0:14:44]} h6
{[%clk 0:02:37]} 20. Bf4 {[%clk 0:14:26]} Rad8 {[%clk 0:02:49]} 21. g4
{[%clk 0:12:54]} Ne7 {[%clk 0:02:45]} 22. h3 {[%clk 0:08:09]} Be6
{[%clk 0:01:08]} 23. Be3 {[%clk 0:03:05]} Qa6 {[%clk 0:01:01]} 24. Bc5
{[%clk 0:01:27]} Nxd5 {[%clk 0:00:42]} 25. Bxf8 {[%clk 0:01:25]} Bxf8
{[%clk 0:01:05]} 26. Ne4 {[%clk 0:00:43]} Qxa2 {[%clk 0:00:38]} 27. f4
{[%clk 0:00:50]} Qa4 {[%clk 0:00:49]} 28. Nf6+ {[%clk 0:00:31]} Kg7
{[%clk 0:00:37]} 29. f5 {[%clk 0:00:55]} Bc5+ {[%clk 0:00:53]} 30. Kh1
{[%clk 0:00:52]} Nxf6 {[%clk 0:00:52]} 31. Qxd8 {[%clk 0:01:09]} Qe4+
{[%clk 0:01:15]} 32. Kh2 {[%clk 0:01:22]} Qe2+ {[%clk 0:01:30]} 33. Kg3
{[%clk 0:01:11]} Ne4+ {[%clk 0:01:42]} 34. Kh4 {[%clk 0:01:02]} Bf2+
{[%clk 0:01:57]} 0-1

[Event "World Chess Olympiad 2018"]
[Site "Batumi"]
[Date "2018.09.27"]
[Round "4"]
[Board "3"]
[WhiteFideId "3600734"]
[White "Munoz Sanchez Miguel"]
[BlackFideId "6400124"]
[Black "Dominguez Jose Manuel"]
[Result "1/2-1/2"]
[LiveChessVersion "1.4.8"]
[BlackElo "2283"]
[WhiteElo "2254"]

1. d4 {[%clk 1:30:53]} Nf6 {[%clk 1:30:39]} 2. Nf3 {[%clk 1:31:16]} b5
{[%clk 1:28:33]} 3. e4 {[%clk 1:31:34]} Nxe4 {[%clk 1:28:44]} 4. Bxb5
{[%clk 1:31:53]} e6 {[%clk 1:25:58]} 5. O-O {[%clk 1:31:40]} Be7 {[%clk 1:26:10]}
6. Nbd2 {[%clk 1:32:04]} Nf6 {[%clk 1:26:12]} 7. Qe2 {[%clk 1:32:12]} O-O
{[%clk 1:26:39]} 8. Bd3 {[%clk 1:28:02]} d6 {[%clk 1:21:27]} 9. Ne4
{[%clk 1:24:13]} Nbd7 {[%clk 1:21:52]} 10. Re1 {[%clk 1:23:38]} Rb8
{[%clk 0:49:26]} 11. Neg5 {[%clk 1:16:10]} h6 {[%clk 0:39:25]} 12. Nxe6
{[%clk 1:10:32]} fxe6 {[%clk 0:39:53]} 13. Qxe6+ {[%clk 1:10:55]} Rf7
{[%clk 0:40:21]} 14. Bg6 {[%clk 1:11:20]} Ne5 {[%clk 0:40:45]} 15. Bxf7+
{[%clk 1:11:25]} Kf8 {[%clk 0:41:13]} 16. dxe5 {[%clk 1:09:53]} Bxe6
{[%clk 0:41:40]} 17. Bxe6 {[%clk 1:02:48]} Ne8 {[%clk 0:23:44]} 18. Nd4
{[%clk 0:54:41]} dxe5 {[%clk 0:02:41]} 19. Nc6 {[%clk 0:55:01]} Qd6
{[%clk 0:03:09]} 20. Nxb8 {[%clk 0:55:25]} Qxe6 {[%clk 0:03:36]} 21. Rxe5
{[%clk 0:55:39]} Qc8 {[%clk 0:04:05]} 22. Rxe7 {[%clk 0:28:18]} Kxe7
{[%clk 0:04:11]} 23. Nc6+ {[%clk 0:28:44]} Kf8 {[%clk 0:04:23]} 24. b3
{[%clk 0:22:21]} Qa6 {[%clk 0:03:47]} 25. Nd4 {[%clk 0:22:28]} Qf6
{[%clk 0:01:13]} 26. Ba3+ {[%clk 0:22:43]} Kf7 {[%clk 0:01:37]} 27. c3
{[%clk 0:20:43]} Qa6 {[%clk 0:01:28]} 28. Bc5 {[%clk 0:20:05]} Qd3
{[%clk 0:01:20]} 29. c4 {[%clk 0:14:07]} Qc3 {[%clk 0:01:11]} 30. Rd1
{[%clk 0:12:56]} Qa5 {[%clk 0:01:33]} 31. b4 {[%clk 0:12:58]} Qxa2
{[%clk 0:02:00]} 32. Nf3 {[%clk 0:13:16]} Nf6 {[%clk 0:01:22]} 33. h3
{[%clk 0:12:17]} Kg8 {[%clk 0:00:59]} 34. Rd4 {[%clk 0:07:47]} Kh7
{[%clk 0:00:46]} 35. g3 {[%clk 0:07:15]} Qe2 {[%clk 0:00:43]} 36. Rf4
{[%clk 0:05:38]} Ne4 {[%clk 0:00:52]} 37. Bxa7 {[%clk 0:05:02]} Qxc4
{[%clk 0:01:08]} 38. Bd4 {[%clk 0:05:04]} Qd5 {[%clk 0:01:09]} 39. h4
{[%clk 0:03:17]} Kg8 {[%clk 0:00:40]} 40. g4 {[%clk 0:30:32]} c6 {[%clk 0:30:40]}
41. h5 {[%clk 0:29:37]} Ng5 {[%clk 0:13:54]} 42. Nxg5 {[%clk 0:21:37]} hxg5
{[%clk 0:14:19]} 43. Rf5 {[%clk 0:22:04]} Qxd4 {[%clk 0:14:40]} 44. Rxg5
{[%clk 0:22:28]} Kh7 {[%clk 0:10:25]} 45. b5 {[%clk 0:19:28]} Qf4
{[%clk 0:06:47]} 46. Rc5 {[%clk 0:19:16]} Qxg4+ {[%clk 0:07:08]} 47. Kh2
{[%clk 0:19:27]} Qh4+ {[%clk 0:04:24]} 48. Kg1 {[%clk 0:18:32]} Qg4+
{[%clk 0:03:20]} 49. Kh2 {[%clk 0:18:57]} cxb5 {[%clk 0:02:21]} 50. Rxb5
{[%clk 0:19:23]} Kh6 {[%clk 0:01:28]} 51. Rb3 {[%clk 0:17:58]} Qf4+
{[%clk 0:01:34]} 52. Kg2 {[%clk 0:17:13]} Kxh5 {[%clk 0:01:26]} 53. Rh3+
{[%clk 0:17:35]} Kg6 {[%clk 0:01:51]} 54. Rg3+ {[%clk 0:18:01]} Kh7
{[%clk 0:02:16]} 55. Re3 {[%clk 0:18:17]} g5 {[%clk 0:02:32]} 56. Rg3
{[%clk 0:18:44]} Kg6 {[%clk 0:02:39]} 57. Re3 {[%clk 0:19:08]} Qg4+
{[%clk 0:02:55]} 58. Rg3 {[%clk 0:19:32]} Qe4+ {[%clk 0:03:19]} 59. Kg1
{[%clk 0:19:55]} Kh5 {[%clk 0:03:22]} 60. Re3 {[%clk 0:20:13]} Qd5
{[%clk 0:03:35]} 61. Rg3 {[%clk 0:19:44]} Kh4 {[%clk 0:00:46]} 62. Re3
{[%clk 0:20:06]} Qd1+ {[%clk 0:00:36]} 63. Kg2 {[%clk 0:20:29]} Qg4+
{[%clk 0:00:58]} 64. Rg3 {[%clk 0:20:35]} Qe4+ {[%clk 0:01:18]} 65. Kg1
{[%clk 0:20:56]} g4 {[%clk 0:00:39]} 66. Re3 {[%clk 0:21:00]} Qd4
{[%clk 0:00:44]} 67. Kg2 {[%clk 0:21:15]} Kg5 {[%clk 0:00:35]} 68. Rg3
{[%clk 0:21:07]} Qd1 {[%clk 0:00:52]} 69. Re3 {[%clk 0:21:27]} Kf4
{[%clk 0:01:13]} 70. Rg3 {[%clk 0:21:38]} Qc1 {[%clk 0:00:37]} 71. Re3
{[%clk 0:21:55]} Qc6+ {[%clk 0:00:49]} 72. Kg1 {[%clk 0:22:15]} Qc2
{[%clk 0:00:32]} 73. Kg2 {[%clk 0:22:21]} Qd1 {[%clk 0:00:37]} 74. Rg3
{[%clk 0:22:42]} Kf5 {[%clk 0:00:33]} 75. Re3 {[%clk 0:23:05]} Qd7
{[%clk 0:00:33]} 76. Kg1 {[%clk 0:23:13]} Kf4 {[%clk 0:00:36]} 77. Kg2
{[%clk 0:23:27]} Qb7+ {[%clk 0:00:37]} 78. Kg1 {[%clk 0:23:50]} Kg5
{[%clk 0:00:54]} 79. Rg3 {[%clk 0:24:13]} Kh4 {[%clk 0:01:02]} 80. Re3
{[%clk 0:24:38]} Qb1+ {[%clk 0:00:34]} 81. Kg2 {[%clk 0:25:00]} Qf5
{[%clk 0:00:33]} 82. Rg3 {[%clk 0:24:59]} Qf4 {[%clk 0:00:46]} 83. Re3
{[%clk 0:25:20]} Kg5 {[%clk 0:00:48]} 84. Kg1 {[%clk 0:25:38]} Qb4
{[%clk 0:00:44]} 85. Kg2 {[%clk 0:26:01]} Kf4 {[%clk 0:00:54]} 86. Kg1 1/2-1/2

[Event "World Chess Olympiad 2018"]
[Site "Batumi"]
[Date "2018.09.27"]
[Round "4"]
[Board "4"]
[WhiteFideId "6405096"]
[White "Guzman Christopher"]
[BlackFideId "3600629"]
[Black "Munoz Sanchez Jhon"]
[Result "1/2-1/2"]
[LiveChessVersion "1.4.8"]
[BlackElo "2230"]
[WhiteElo "2283"]

1. e4 {[%clk 1:28:03]} e5 {[%clk 1:30:54]} 2. Nf3 {[%clk 1:27:20]} Nc6
{[%clk 1:31:18]} 3. Bb5 {[%clk 1:27:08]} a6 {[%clk 1:31:43]} 4. Ba4
{[%clk 1:27:16]} Nf6 {[%clk 1:32:08]} 5. Bxc6 {[%clk 1:27:39]} dxc6
{[%clk 1:32:37]} 6. d3 {[%clk 1:28:02]} Bd6 {[%clk 1:32:55]} 7. Nbd2
{[%clk 1:28:02]} Be6 {[%clk 1:33:21]} 8. b3 {[%clk 1:25:16]} Nd7 {[%clk 1:24:12]}
9. Qe2 {[%clk 1:23:11]} c5 {[%clk 1:16:19]} 10. Bb2 {[%clk 1:20:58]} f6
{[%clk 1:16:05]} 11. Nh4 {[%clk 1:19:09]} Nb8 {[%clk 1:09:58]} 12. Nf5
{[%clk 1:15:40]} Qd7 {[%clk 1:09:32]} 13. Nxd6+ {[%clk 1:13:42]} Qxd6
{[%clk 0:43:02]} 14. f4 {[%clk 1:14:06]} Nc6 {[%clk 0:34:05]} 15. fxe5
{[%clk 1:07:43]} Nxe5 {[%clk 0:34:33]} 16. Bxe5 {[%clk 0:57:46]} Qxe5
{[%clk 0:34:35]} 17. O-O {[%clk 0:58:13]} O-O-O {[%clk 0:31:39]} 18. a4
{[%clk 0:57:52]} Rhe8 {[%clk 0:29:40]} 19. Qf2 {[%clk 0:57:31]} a5
{[%clk 0:21:55]} 20. Nf3 {[%clk 0:57:37]} Qc3 {[%clk 0:18:56]} 21. Rae1
{[%clk 0:55:28]} b6 {[%clk 0:15:56]} 22. Re3 {[%clk 0:52:54]} Qb2
{[%clk 0:13:52]} 23. Nh4 {[%clk 0:50:30]} Kb8 {[%clk 0:13:02]} 24. Rfe1
{[%clk 0:43:17]} Bc8 {[%clk 0:09:22]} 25. R3e2 {[%clk 0:40:07]} Qd4
{[%clk 0:03:28]} 26. Qxd4 {[%clk 0:35:51]} Rxd4 {[%clk 0:02:49]} 27. Nf5
{[%clk 0:34:54]} Rd7 {[%clk 0:03:13]} 28. h3 {[%clk 0:34:05]} Bb7
{[%clk 0:02:53]} 29. e5 {[%clk 0:32:38]} fxe5 {[%clk 0:03:06]} 30. Rxe5
{[%clk 0:33:05]} Rxe5 {[%clk 0:02:46]} 31. Rxe5 {[%clk 0:33:32]} Rf7
{[%clk 0:02:00]} 32. Ne3 {[%clk 0:26:26]} Kc8 {[%clk 0:02:11]} 33. Nc4
{[%clk 0:24:58]} Kd8 {[%clk 0:02:02]} 34. Re2 {[%clk 0:22:28]} Re7
{[%clk 0:00:45]} 35. Ne5 {[%clk 0:22:56]} Bd5 {[%clk 0:00:41]} 36. Kf2
{[%clk 0:21:43]} Ke8 {[%clk 0:01:08]} 37. g4 {[%clk 0:21:41]} g5 {[%clk 0:01:07]}
38. Re3 {[%clk 0:15:46]} h6 {[%clk 0:01:15]} 39. Kg3 {[%clk 0:15:39]} Re6
{[%clk 0:01:27]} 40. h4 {[%clk 0:45:21]} gxh4+ {[%clk 0:30:35]} 41. Kxh4
{[%clk 0:45:47]} Kf8 {[%clk 0:23:33]} 42. g5 {[%clk 0:35:40]} hxg5+
{[%clk 0:23:52]} 43. Kxg5 {[%clk 0:36:07]} Ke7 {[%clk 0:23:22]} 44. Ng6+
{[%clk 0:24:59]} Kd6 {[%clk 0:20:43]} 45. Rxe6+ {[%clk 0:25:15]} Bxe6
{[%clk 0:21:00]} 46. Kf4 {[%clk 0:24:44]} Bd5 {[%clk 0:18:30]} 47. Ne5
{[%clk 0:24:57]} Be6 {[%clk 0:18:24]} 48. Nf3 {[%clk 0:24:54]} Kd5
{[%clk 0:18:35]} 49. Ke3 {[%clk 0:25:00]} Bg4 {[%clk 0:18:21]} 50. Ng5
{[%clk 0:25:12]} Bd7 {[%clk 0:17:04]} 51. Ne4 {[%clk 0:25:32]} Ke5
{[%clk 0:16:53]} 52. c3 {[%clk 0:24:59]} Bc6 {[%clk 0:15:54]} 53. d4+
{[%clk 0:24:48]} cxd4+ {[%clk 0:16:17]} 54. cxd4+ {[%clk 0:25:16]} 1/2-1/2

[Event "World Chess Olympiad 2018"]
[Site "Batumi"]
[Date "2018.09.27"]
[Round "4"]
[Board "1"]
[WhiteFideId "4900847"]
[White "Batchuluun Tsegmed"]
[BlackFideId "20500220"]
[Black "Mphungu Gerrard"]
[Result "1-0"]
[LiveChessVersion "1.4.8"]
[BlackElo "2091"]
[WhiteElo "2570"]

1. c4 {[%clk 1:30:55]} Nf6 {[%clk 1:29:38]} 2. Nc3 {[%clk 1:31:20]} e6
{[%clk 1:27:02]} 3. e4 {[%clk 1:31:35]} c5 {[%clk 1:23:31]} 4. Nf3
{[%clk 1:28:04]} d6 {[%clk 1:21:30]} 5. d4 {[%clk 1:28:21]} cxd4 {[%clk 1:19:38]}
6. Nxd4 {[%clk 1:28:44]} a6 {[%clk 1:19:29]} 7. Be2 {[%clk 1:27:56]} Qc7
{[%clk 1:17:28]} 8. O-O {[%clk 1:27:44]} Be7 {[%clk 1:15:59]} 9. Be3
{[%clk 1:27:55]} O-O {[%clk 1:10:54]} 10. Qd2 {[%clk 1:26:44]} Rd8
{[%clk 1:10:26]} 11. Rac1 {[%clk 1:23:07]} b6 {[%clk 1:08:41]} 12. f3
{[%clk 1:19:14]} Bb7 {[%clk 1:07:38]} 13. Rfd1 {[%clk 1:18:06]} Nbd7
{[%clk 1:01:37]} 14. Bf1 {[%clk 1:11:51]} Rdc8 {[%clk 0:54:46]} 15. Kh1
{[%clk 1:08:45]} Qd8 {[%clk 0:51:51]} 16. b3 {[%clk 1:08:02]} Ne5
{[%clk 0:44:46]} 17. Qf2 {[%clk 1:02:10]} Nxe4 18. fxe4 Ng4 {[%clk 0:34:49]} 19.
Qe2 {[%clk 0:59:02]} Nxe3 {[%clk 0:35:11]} 20. Qxe3 {[%clk 0:59:24]} Bg5
{[%clk 0:35:32]} 21. Qg3 {[%clk 0:56:36]} Bxc1 {[%clk 0:35:31]} 22. Rxc1
{[%clk 0:57:03]} Rc5 {[%clk 0:27:14]} 23. Rd1 {[%clk 0:54:52]} Rac8
{[%clk 0:22:07]} 24. a4 {[%clk 0:54:18]} g6 {[%clk 0:20:22]} 25. Be2
{[%clk 0:47:45]} Qe7 {[%clk 0:14:05]} 26. Bf3 {[%clk 0:47:42]} Kf8
{[%clk 0:10:38]} 27. h3 {[%clk 0:46:37]} Re5 {[%clk 0:08:57]} 28. Nde2
{[%clk 0:46:06]} h5 {[%clk 0:08:42]} 29. Qf2 {[%clk 0:43:55]} Qc7
{[%clk 0:08:48]} 30. Nf4 {[%clk 0:44:02]} Rc5 {[%clk 0:05:08]} 31. Bxh5
{[%clk 0:41:59]} Ke7 {[%clk 0:03:57]} 32. Bxg6 {[%clk 0:37:59]} fxg6
{[%clk 0:02:58]} 33. Nxg6+ {[%clk 0:38:11]} Ke8 {[%clk 0:01:42]} 34. Qf8+
{[%clk 0:38:28]} Kd7 {[%clk 0:02:09]} 35. Qf7+ {[%clk 0:35:26]} Kd8
{[%clk 0:01:51]} 36. Qxe6 {[%clk 0:35:48]} Qg7 {[%clk 0:00:59]} 37. Qxd6+
{[%clk 0:36:09]} 1-0